[Event "Muensterland Regionalliga 1819"]
[Site "Germany"]
[Date "2018.09.08"]
[Round "1.1"]
[White "Wieder, Heiner"]
[Black "Quante, Lennart"]
[Result "0-1"]
[WhiteElo "2089"]
[BlackElo "2068"]
[PlyCount "134"]
[EventDate "2018.09.08"]
[EventType "team-tourn"]
[EventRounds "9"]
[EventCountry "GER"]
[SourceTitle "EXT 2020"]
[Source "ChessBase"]
[SourceDate "2019.10.17"]
[SourceVersion "1"]
[SourceVersionDate "2019.10.17"]
[SourceQuality "1"]
[WhiteTeam "Muenster II"]
[BlackTeam "Muenster III"]
[WhiteTeamCountry "GER"]
[BlackTeamCountry "GER"]

1. e4 e5 2. Nf3 Nc6 3. Bb5 a6 4. Bxc6 dxc6 5. 0-0 Bg4 6. h3 h5 7. d3 Qf6 8. Nbd2 g5 9. b3 Qg7 10. Nc4 f6 11. d4 Bd7 12. dxe5 g4 13. exf6 Nxf6 14. Bb2 gxh3 15. Nh4 Qg5 16. Qf3 Be7 17. e5 Nd5 18. e6 Bxe6 19. Bxh8 Qxh4 20. Qg3 hxg2 21. Kxg2 Nf4+ 22. Kf3 Bd5+ 23. Ke3 Ng2+ 24. Kd3 Nf4+ 25. Ke3 Ng2+ 26. Kd3 Bxc4+ 27. bxc4 0-0-0+ 28. Kc3 Qe4 29. Be5 b5 30. Rad1 Qxc4+ 31. Kb2 Rg8 32. Qh3+ Kb7 33. Qd7 Qb4+ 34. Ka1 Rc8 35. Rd3 Nf4 36. c3 Qc4 37. Bxf4 Bd6 38. Rxd6 Qxf1+ 39. Rd1 Qxf2 40. Be5 Qe2 41. Qd4 Re8 42. Bf6 Re6 43. Rg1 Rd6 44. Qe5 Qf2 45. Rc1 Rxf6 46. Qxh5 Rd6 47. Qh7 Rd2 48. Qb1 Qf4 49. Rc2 Rxc2 50. Qxc2 Qc4 51. a3 a5 52. Qb2 Qd5 53. Qc2 c5 54. Kb2 b4 55. c4 Qf3 56. axb4 cxb4 57. Qa4 Qe2+ 58. Kb1 Qf1+ 59. Kb2 Qxc4 60. Qxa5 Qc3+ 61. Kb1 Qb3+ 62. Ka1 Qa3+ 63. Qxa3 bxa3 64. Ka2 Kc6 65. Kxa3 Kd5 66. Kb3 Kd4 67. Kc2 Kc4 0-1

[Event "Muensterland Regionalliga 1718"]
[Site "Germany"]
[Date "2018.06.02"]
[Round "9.1"]
[White "Wieder, Heiner"]
[Black "Buendgen, Achim"]
[Result "1-0"]
[WhiteElo "2089"]
[BlackElo "2124"]
[PlyCount "129"]
[EventDate "2017.09.02"]
[EventType "team-tourn"]
[EventRounds "9"]
[EventCountry "GER"]
[SourceTitle "EXT 2019"]
[Source "ChessBase"]
[SourceDate "2018.10.10"]
[SourceVersion "1"]
[SourceVersionDate "2018.10.10"]
[SourceQuality "1"]
[WhiteTeam "Muenster SK II"]
[BlackTeam "Gronau"]
[WhiteTeamCountry "GER"]
[BlackTeamCountry "GER"]

1. e4 e5 2. Nf3 d6 3. d4 Nf6 4. Nc3 Nbd7 5. Bc4 Be7 6. 0-0 0-0 7. Re1 c6 8. Bb3 b6 9. a4 a6 10. Bg5 h6 11. Bh4 Nh5 12. Bg3 Nxg3 13. hxg3 Bb7 14. d5 c5 15. Nd2 Qc7 16. Nc4 Rae8 17. Qd2 f5 18. Rad1 Kh8 19. exf5 Rxf5 20. Ne4 Nf6 21. Nc3 Qd8 22. f3 Bc8 23. Ne3 Rg5 24. g4 e4 25. f4 Rg6 26. f5 Rg5 27. Bc4 Nxg4 28. Nxe4 Nxe3 29. Qxe3 Rxf5 30. Qd3 Re5 31. Ng3 Bh4 32. Rxe5 Rxe5 33. Qf3 Bxg3 34. Qxg3 Rg5 35. Qe3 Re5 36. Qg3 Bf5 37. Bxa6 Bxc2 38. Rf1 Be4 39. Rf2 Rxd5 40. Rf7 Rg5 41. Qf4 Rxg2+ 42. Kf1 Kg8 43. Qxe4 Kxf7 44. Bc4+ Kf8 45. Kxg2 Qg5+ 46. Kf3 Qh5+ 47. Ke3 Qh3+ 48. Qf3+ Qxf3+ 49. Kxf3 Ke7 50. Ke4 h5 51. Kd5 Kd7 52. Be2 g6 53. Bb5+ Kc7 54. Be8 Kb7 55. Bxg6 h4 56. Kxd6 Ka6 57. Kd5 Ka5 58. Kc4 Kxa4 59. Be8+ Ka5 60. Bd7 Ka6 61. b3 Kb7 62. Kb5 Ka7 63. Bc6 h3 64. Bd5 h2 65. Bc6 1-0

[Event "Muensterland Regionalliga 1718"]
[Site "Germany"]
[Date "2018.02.24"]
[Round "6.1"]
[White "Wensing, Maximilian"]
[Black "Wieder, Heiner"]
[Result "0-1"]
[WhiteElo "2026"]
[BlackElo "2089"]
[PlyCount "80"]
[EventDate "2017.09.02"]
[EventType "team-tourn"]
[EventRounds "9"]
[EventCountry "GER"]
[SourceTitle "EXT 2019"]
[Source "ChessBase"]
[SourceDate "2018.10.10"]
[SourceVersion "1"]
[SourceVersionDate "2018.10.10"]
[SourceQuality "1"]
[WhiteTeam "Ahaus Wessum"]
[BlackTeam "Muenster SK II"]
[WhiteTeamCountry "GER"]
[BlackTeamCountry "GER"]

1. e4 c5 2. Nf3 d6 3. d4 cxd4 4. Nxd4 Nf6 5. Nc3 a6 6. Bg5 e6 7. f4 b5 8. Qe2 Be7 9. 0-0-0 Bb7 10. Bxf6 gxf6 11. Qh5 Qd7 12. f5 e5 13. Ne6 b4 14. Nd5 Bxd5 15. exd5 Bf8 16. Bd3 Ke7 17. Nxf8 Rxf8 18. Qxh7 Qa4 19. Qh4 Nd7 20. Kb1 Nb6 21. Qe4 Rfc8 22. g4 Rc5 23. c3 bxc3 24. Qxa4 Nxa4 25. b3 c2+ 26. Bxc2 Nc3+ 27. Kb2 Nxd1+ 28. Rxd1 Rh8 29. Rd2 Rh4 30. Bd1 Rh3 31. Bc2 Rh4 32. Bd1 Rc8 33. Ka3 Rch8 34. Rc2 Kd7 35. Rc6 Ra8 36. Kb4 Rxh2 37. a4 Rd2 38. Bf3 a5+ 39. Kc3 Rf2 40. Be4 Rc8 0-1

[Event "Muensterland Regionalliga 1718"]
[Site "Germany"]
[Date "2017.11.11"]
[Round "3.1"]
[White "Ringwelski, Marius"]
[Black "Wieder, Heiner"]
[Result "1-0"]
[WhiteElo "1943"]
[BlackElo "2089"]
[PlyCount "67"]
[EventDate "2017.09.02"]
[EventType "team-tourn"]
[EventRounds "9"]
[EventCountry "GER"]
[SourceTitle "EXT 2019"]
[Source "ChessBase"]
[SourceDate "2018.10.10"]
[SourceVersion "1"]
[SourceVersionDate "2018.10.10"]
[SourceQuality "1"]
[WhiteTeam "Nienberge"]
[BlackTeam "Muenster SK II"]
[WhiteTeamCountry "GER"]
[BlackTeamCountry "GER"]

1. d4 f5 2. g3 Nf6 3. Bg2 g6 4. Nf3 Bg7 5. 0-0 0-0 6. c4 d6 7. Nc3 Nc6 8. d5 Na5 9. b3 c5 10. Rb1 a6 11. Qc2 Rb8 12. a4 Bd7 13. Bd2 b5 14. axb5 axb5 15. cxb5 h6 16. b4 Nc4 17. Bc1 Rc8 18. bxc5 Rxc5 19. Nd4 Ne4 20. Nxe4 fxe4 21. Qxe4 Bf5 22. Nxf5 gxf5 23. Qe6+ Kh7 24. Bh3 Rf6 25. Bxf5+ Kh8 26. Qd7 Qf8 27. Be4 Rf7 28. b6 Nxb6 29. Rxb6 Rxf2 30. Bf4 Rxf1+ 31. Kxf1 Rc1+ 32. Kg2 Bd4 33. Rb1 Rxb1 34. Bxb1 1-0

[Event "NRW Class2 1617"]
[Site "Germany"]
[Date "2016.12.11"]
[Round "4.2"]
[White "Wieder, Heiner"]
[Black "Rybarczyk, Klaus"]
[Result "1/2-1/2"]
[WhiteElo "2122"]
[BlackElo "2283"]
[PlyCount "73"]
[EventDate "2016.09.25"]
[EventType "team-tourn"]
[EventRounds "9"]
[EventCountry "GER"]
[SourceTitle "EXT 2023"]
[Source "ChessBase"]
[SourceDate "2022.10.05"]
[SourceVersion "1"]
[SourceVersionDate "2022.10.05"]
[SourceQuality "1"]
[WhiteTeam "Muenster SK II"]
[BlackTeam "Niederkassel"]
[WhiteTeamCountry "GER"]
[BlackTeamCountry "GER"]

1. e4 c5 2. Nf3 d6 3. d4 cxd4 4. Nxd4 Nf6 5. Nc3 a6 6. Be3 e6 7. f3 b5 8. g4 b4 9. Nce2 Bb7 10. Ng3 Qc7 11. g5 Nfd7 12. Bg2 d5 13. f4 Nb6 14. Qe2 Bc5 15. f5 e5 16. exd5 Nxd5 17. Ne6 fxe6 18. Qh5+ Ke7 19. Bxc5+ Qxc5 20. 0-0-0 Nd7 21. fxe6 Raf8 22. Ne4 Qe3+ 23. Kb1 Nb8 24. Rhe1 Qb6 25. g6 Nf6 26. Qxe5 Bxe4 27. Bxe4 Rd8 28. Rd7+ Rxd7 29. exd7+ Kd8 30. Bf5 Nbxd7 31. Qe7+ Kc7 32. Bxd7 Nxd7 33. Qxg7 Qf6 34. Qxf6 Nxf6 35. Re6 Rd8 36. Kc1 Rd6 37. gxh7 1/2-1/2

[Event "Oberliga NRW 1516"]
[Site "Germany"]
[Date "2016.04.03"]
[Round "8.8"]
[White "Liard, Thibaud"]
[Black "Wieder, Heiner"]
[Result "1-0"]
[WhiteElo "2128"]
[BlackElo "2080"]
[PlyCount "119"]
[EventDate "2015.09.27"]
[EventType "team-tourn"]
[EventRounds "9"]
[EventCountry "GER"]
[SourceTitle "EXT 2017"]
[Source "ChessBase"]
[SourceDate "2016.10.25"]
[SourceVersion "1"]
[SourceVersionDate "2016.10.25"]
[SourceQuality "1"]
[WhiteTeam "Koeln Porz II"]
[BlackTeam "Muenster"]
[WhiteTeamCountry "GER"]
[BlackTeamCountry "GER"]

1. d4 f5 2. g3 Nf6 3. Bg2 g6 4. Nd2 Bg7 5. e4 fxe4 6. Nxe4 0-0 7. Nxf6+ exf6 8. Ne2 d5 9. Be3 Be6 10. Qd2 Re8 11. 0-0-0 Nd7 12. Nf4 Nb6 13. Nxe6 Rxe6 14. Bh6 Nc4 15. Qf4 Bxh6 16. Qxh6 Qd6 17. Bf1 Qb4 18. Bxc4 Qxc4 19. Kb1 Rae8 20. Qf4 Re2 21. Rc1 Kg7 22. Rhd1 R8e4 23. Qf3 a5 24. h4 h5 25. Rd3 c6 26. Rb3 Rxc2 27. Rxb7+ Kh6 28. Qd1 Rxc1+ 29. Qxc1+ Qxc1+ 30. Kxc1 Rxd4 31. b3 Rb4 32. Rf7 f5 33. Rc7 Rb6 34. f4 a4 35. bxa4 Ra6 36. Kb2 d4 37. Kb3 Rb6+ 38. Kc4 Ra6 39. Kb4 Rb6+ 40. Ka5 Rb2 41. Rxc6 d3 42. Rd6 d2 43. Rd7 Rxa2 44. Kb4 Rb2+ 45. Kc3 Ra2 46. Kb3 Ra1 47. Rxd2 Kg7 48. Rd3 Kf7 49. Re3 Rb1+ 50. Kc4 Rc1+ 51. Kb4 Rb1+ 52. Rb3 Ra1 53. Re3 Rb1+ 54. Ka5 Ra1 55. Kb5 Rb1+ 56. Ka6 Rb4 57. a5 Re4 58. Rb3 Re6+ 59. Ka7 Ke7 60. Kb7 1-0

[Event "Muensterland Regionalliga 1516"]
[Site "Germany"]
[Date "2015.09.26"]
[Round "2.1"]
[White "Funke, Reinhard"]
[Black "Wieder, Heiner"]
[Result "0-1"]
[WhiteElo "2012"]
[BlackElo "2080"]
[PlyCount "120"]
[EventDate "2015.09.05"]
[EventType "team"]
[EventRounds "9"]
[EventCountry "GER"]
[SourceTitle "EXT 2017"]
[Source "ChessBase"]
[SourceDate "2016.10.25"]
[SourceVersion "1"]
[SourceVersionDate "2016.10.25"]
[SourceQuality "1"]
[WhiteTeam "Suedlohn"]
[BlackTeam "Muenster SK III"]
[WhiteTeamCountry "GER"]
[BlackTeamCountry "GER"]

1. d4 f5 2. g3 Nf6 3. Bg2 g6 4. c4 d6 5. Nf3 Bg7 6. 0-0 0-0 7. Nc3 Nc6 8. b3 Ne4 9. Bb2 Nxc3 10. Bxc3 e5 11. d5 Ne7 12. Qd2 h6 13. h4 Kh7 14. Nh2 Ng8 15. f4 Qe7 16. e3 Bd7 17. Rad1 Rae8 18. Rfe1 Bf6 19. Nf3 e4 20. Bxf6 Nxf6 21. Nd4 Rg8 22. Bh3 Rg7 23. Re2 c5 24. dxc6 bxc6 25. Rf2 Rd8 26. Kh2 c5 27. Ne2 Be6 28. Nc3 Qf8 29. Qc1 Rgd7 30. Rfd2 d5 31. cxd5 Bxd5 32. Kg1 Qe7 33. Bf1 Be6 34. Be2 Kg7 35. Kf2 Rc8 36. Bb5 Rxd2+ 37. Qxd2 c4 38. Ba6 Rc6 39. Bb5 Rc7 40. Ba4 cxb3 41. axb3 Qc5 42. Nb5 Ng4+ 43. Ke2 Rb7 44. Rc1 Qb6 45. Qc3+ Kh7 46. Nd4 Qa6+ 47. Ke1 Bf7 48. Bc6 Re7 49. Qc5 Qd3 50. Rc3 Qb1+ 51. Kd2 Rc7 52. Qd6 Nf2 53. Rc2 Qd1+ 54. Kc3 Qa1+ 55. Kb4 Nd3+ 56. Kb5 Rc8 57. Qd7 Rb8+ 58. Bb7 Kg8 59. Nc6 Be8 60. Qd5+ Kg7 0-1

[Event "Muensterland Regionalliga 1415"]
[Site "Germany"]
[Date "2015.02.21"]
[Round "6.2"]
[White "Paalman, Henk Jan"]
[Black "Wieder, Heiner"]
[Result "1-0"]
[WhiteElo "2105"]
[BlackElo "2078"]
[PlyCount "57"]
[EventDate "2014.09.20"]
[EventType "team-tourn"]
[EventRounds "9"]
[EventCountry "GER"]
[SourceTitle "EXT 2016"]
[Source "ChessBase"]
[SourceDate "2015.10.08"]
[SourceVersion "1"]
[SourceVersionDate "2015.10.08"]
[SourceQuality "1"]
[WhiteTeam "Emsdetten Rochade"]
[BlackTeam "Muenster III"]
[WhiteTeamCountry "GER"]
[BlackTeamCountry "GER"]

1. d4 f5 2. e4 fxe4 3. Nc3 Nf6 4. Bg5 Nc6 5. d5 Ne5 6. Qe2 d6 7. 0-0-0 c6 8. Nxe4 Nxe4 9. Qxe4 Bd7 10. f4 Nf7 11. Nf3 Qa5 12. Bc4 c5 13. Kb1 0-0-0 14. f5 b5 15. Be2 g6 16. fxg6 Nh6 17. Bxh6 Bxh6 18. gxh7 Rdf8 19. Qxe7 Qb6 20. Bd3 Rf4 21. Ng5 c4 22. Bg6 Bf8 23. Qe1 Rf6 24. Nf7 Rxh7 25. Bxh7 Rxf7 26. Rf1 Rxf1 27. Qxf1 Bg7 28. Bf5 Qd8 29. g4 1-0

[Event "Muensterland Regionalliga 1415"]
[Site "Germany"]
[Date "2014.11.22"]
[Round "3.1"]
[White "Steiner, Karl"]
[Black "Wieder, Heiner"]
[Result "0-1"]
[WhiteElo "1928"]
[BlackElo "2078"]
[PlyCount "144"]
[EventDate "2014.09.20"]
[EventType "team-tourn"]
[EventRounds "9"]
[EventCountry "GER"]
[SourceTitle "EXT 2016"]
[Source "ChessBase"]
[SourceDate "2015.10.08"]
[SourceVersion "1"]
[SourceVersionDate "2015.10.08"]
[SourceQuality "1"]
[WhiteTeam "Bocholt"]
[BlackTeam "Muenster III"]
[WhiteTeamCountry "GER"]
[BlackTeamCountry "GER"]

1. Nf3 f5 2. b3 d6 3. d4 Nf6 4. Bb2 g6 5. e3 Bg7 6. Bc4 e6 7. 0-0 0-0 8. Nbd2 Nc6 9. Re1 Kh8 10. Ng5 Qe7 11. f4 Bd7 12. g3 Rae8 13. a4 h6 14. Ngf3 Rg8 15. e4 fxe4 16. Nxe4 Nxe4 17. Rxe4 Qf7 18. Re1 Bf6 19. Qc1 Qg7 20. Qd2 Rgf8 21. Rad1 g5 22. Ne5 gxf4 23. Nxd7 Qxd7 24. Qxf4 Qg7 25. Rxe6 Rxe6 26. Bxe6 Bg5 27. Qe4 Qf6 28. Bc4 d5 29. Qxd5 Qf2+ 30. Kh1 Qxc2 31. Rf1 Rxf1+ 32. Bxf1 Qxb2 33. Bc4 Qb1+ 34. Kg2 Qg6 35. Qd7 Qe4+ 36. Kh3 Qe7 37. Qd5 Kg7 38. Qg8+ Kf6 39. Qh8+ Qg7 40. Qc8 Nxd4 41. Qd8+ Kf5 42. Qd5+ Qe5 43. Bd3+ Kf6 44. Qd8+ Kg7 45. Qd7+ Be7 46. Qg4+ Kf8 47. Qc8+ Kg7 48. Qg4+ Bg5 49. Qd7+ Kf8 50. Qc8+ Ke7 51. Qxb7 Qe6+ 52. Kg2 Qc6+ 53. Qxc6 Nxc6 54. h4 Bd2 55. g4 Ne5 56. Bf5 Kd6 57. Kf2 Kc5 58. Ke2 Bc1 59. Kd1 Bf4 60. Kc2 Nf3 61. Kc3 Be5+ 62. Kd3 Nxh4 63. Be6 a5 64. Ke4 Bf6 65. Bc8 Bg5 66. Be6 Ng6 67. Bf7 Ne7 68. Be6 Nc6 69. Bg8 Nd4 70. Ke5 Nc2 71. Bf7 Kb4 72. Kd5 Na1 0-1

[Event "Muensterland Regionalliga 1415"]
[Site "Germany"]
[Date "2014.09.20"]
[Round "1.2"]
[White "Wieder, Heiner"]
[Black "Wewers, Reinhard"]
[Result "1-0"]
[WhiteElo "2078"]
[BlackElo "2003"]
[PlyCount "71"]
[EventDate "2014.09.20"]
[EventType "team-tourn"]
[EventRounds "9"]
[EventCountry "GER"]
[SourceTitle "EXT 2016"]
[Source "ChessBase"]
[SourceDate "2015.10.08"]
[SourceVersion "1"]
[SourceVersionDate "2015.10.08"]
[SourceQuality "1"]
[WhiteTeam "Muenster III"]
[BlackTeam "Duelmen"]
[WhiteTeamCountry "GER"]
[BlackTeamCountry "GER"]

1. e4 e6 2. d4 d5 3. Nd2 Nf6 4. e5 Nfd7 5. Bd3 c5 6. c3 Nc6 7. Ne2 cxd4 8. cxd4 f6 9. exf6 Nxf6 10. Nf3 Bd6 11. 0-0 Qc7 12. Bg5 0-0 13. Bh4 Nh5 14. Qc2 h6 15. Bh7+ Kh8 16. Bg6 Rxf3 17. Bxh5 Rf5 18. Bg6 Rf8 19. Bg3 Bd7 20. Rad1 Rac8 21. Nc3 Bxg3 22. hxg3 Ne7 23. Rfe1 Rf6 24. Bd3 b5 25. Qb3 a6 26. Rd2 Nf5 27. Bxf5 Rxf5 28. Ne2 Qd6 29. Nf4 a5 30. Ng6+ Kg8 31. Ne5 b4 32. Rc2 Rff8 33. Rec1 Rxc2 34. Qxc2 Rc8 35. Qxc8+ Bxc8 36. Rxc8+ 1-0

[Event "Muensterland Regionalliga 1314"]
[Site "Germany"]
[Date "2013.12.07"]
[Round "4.1"]
[White "Wieder, Heiner"]
[Black "Eiersbrock, Robin"]
[Result "0-1"]
[WhiteElo "2025"]
[BlackElo "2029"]
[PlyCount "106"]
[EventDate "2013.09.07"]
[EventType "team-tourn"]
[EventRounds "9"]
[EventCountry "GER"]
[SourceTitle "EXT 2015"]
[Source "ChessBase"]
[SourceDate "2014.11.20"]
[SourceVersion "1"]
[SourceVersionDate "2014.11.20"]
[SourceQuality "1"]
[WhiteTeam "Muenster SK III"]
[BlackTeam "Duelmen"]
[WhiteTeamCountry "GER"]
[BlackTeamCountry "GER"]

1. e4 c5 2. Nf3 g6 3. d4 Bg7 4. d5 d6 5. Nc3 Nf6 6. Be2 0-0 7. 0-0 Na6 8. h3 Rb8 9. a4 Nb4 10. Be3 b6 11. Nd2 e6 12. Nc4 exd5 13. exd5 Bf5 14. Rc1 Ne4 15. g4 Bxc3 16. bxc3 Nxc3 17. Qe1 Nxe2+ 18. Qxe2 Be4 19. Bf4 Bxd5 20. Nxd6 Qh4 21. Kh2 Rbd8 22. c3 Nc6 23. Rcd1 Qf6 24. Qe3 Rxd6 25. Bxd6 Qxd6+ 26. f4 Qe6 27. Qf2 Bb3 28. Rde1 Qd6 29. Re3 Rd8 30. Kg1 Qd2 31. Qg3 Bxa4 32. f5 Na5 33. fxg6 hxg6 34. Re7 Bb3 35. Rxa7 Re8 36. Rf2 Qe1+ 37. Kh2 Bd5 38. Qf4 Qe5 39. Rd7 Qxf4+ 40. Rxf4 Re2+ 41. Kg3 Be6 42. Re7 Re3+ 43. Rf3 Rxf3+ 44. Kxf3 Kg7 45. Kf4 Kf6 46. Ra7 g5+ 47. Ke4 Nc4 48. Ra6 Bc8 49. Ra7 Bb7+ 50. Kd3 Na5 51. Ke2 Ke5 52. Ke3 Kd6 53. Kd3 Kc7 0-1

[Event "Muensterland Regionalliga 1314"]
[Site "Germany"]
[Date "2013.11.16"]
[Round "3.1"]
[White "Althoff, Franz"]
[Black "Wieder, Heiner"]
[Result "1/2-1/2"]
[WhiteElo "2069"]
[BlackElo "2025"]
[PlyCount "107"]
[EventDate "2013.09.07"]
[EventType "team-tourn"]
[EventRounds "9"]
[EventCountry "GER"]
[SourceTitle "EXT 2015"]
[Source "ChessBase"]
[SourceDate "2014.11.20"]
[SourceVersion "1"]
[SourceVersionDate "2014.11.20"]
[SourceQuality "1"]
[WhiteTeam "Nienberge"]
[BlackTeam "Muenster SK III"]
[WhiteTeamCountry "GER"]
[BlackTeamCountry "GER"]

1. Nf3 d6 2. d4 f5 3. b3 Nf6 4. g3 g6 5. Bg2 Bg7 6. 0-0 0-0 7. Bb2 c6 8. Nbd2 Bd7 9. e3 Na6 10. Qe2 Nc7 11. Rfe1 Ne4 12. Nxe4 fxe4 13. Nd2 d5 14. f3 exf3 15. Bxf3 e5 16. dxe5 Qe7 17. e4 Bxe5 18. Bxe5 Qxe5 19. exd5 Qd4+ 20. Qe3 Qxe3+ 21. Rxe3 Nxd5 22. Bxd5+ cxd5 23. Nf3 Rac8 24. Nd4 Bf5 25. Nxf5 Rxf5 26. Re2 b5 27. Rd1 Kf7 28. Kg2 Kf6 29. Rde1 Rc6 30. Rd2 b4 31. Ree2 Re5 32. Rf2+ Ke6 33. Rf8 Ra6 34. Rb8 Rxa2 35. Rxb4 Re4 36. Rb5 Re5 37. Rb7 h5 38. Rc7 Kd6 39. Rg7 g5 40. Rg8 Kc5 41. Rc8+ Kd6 42. Rd8+ Kc6 43. Rc8+ Kb6 44. Rd8 Kc6 45. Rc8+ Kd7 46. Rh8 g4 47. Rh6 Ke7 48. Rf2 d4 49. h3 gxh3+ 50. Kxh3 d3 51. Rh7+ Ke6 52. Rh6+ Ke7 53. Rh7+ Ke6 54. Rh6+ 1/2-1/2

[Event "NRW Class1 1112"]
[Site "Germany"]
[Date "2011.10.09"]
[Round "2.7"]
[White "Mundorf, Johannes"]
[Black "Wieder, Heiner"]
[Result "1/2-1/2"]
[WhiteElo "2200"]
[BlackElo "2011"]
[PlyCount "44"]
[EventDate "2011.09.18"]
[EventType "team-tourn"]
[EventRounds "9"]
[EventCountry "GER"]
[SourceTitle "EXT 2015"]
[Source "ChessBase"]
[SourceDate "2014.11.20"]
[SourceVersion "1"]
[SourceVersionDate "2014.11.20"]
[SourceQuality "1"]
[WhiteTeam "Muelheim Nord II"]
[BlackTeam "Oberhausen"]
[WhiteTeamCountry "GER"]
[BlackTeamCountry "GER"]

1. Nf3 g6 2. d4 Bg7 3. g3 f5 4. Bg2 Nf6 5. c4 d6 6. b4 e5 7. dxe5 dxe5 8. Qxd8+ Kxd8 9. Bb2 e4 10. Nd4 Ke7 11. f3 exf3 12. exf3 Nc6 13. Nxc6+ bxc6 14. Nd2 Rb8 15. 0-0-0 Kf7 16. a3 a5 17. Bc3 axb4 18. Bxb4 c5 19. Bc3 Bb7 20. Rhe1 Bc6 21. Re2 Rhe8 22. Rde1 Bh6 1/2-1/2

[Event "Ruhrgebiet Regionalliga 1011"]
[Site "Nordrheinwestfalen"]
[Date "2010.10.31"]
[Round "2.8"]
[White "Wieder, Heiner"]
[Black "Szabolcsi, Janos"]
[Result "0-1"]
[WhiteElo "2021"]
[BlackElo "2318"]
[PlyCount "62"]
[EventDate "2010.09.19"]
[EventType "team-tourn"]
[EventRounds "9"]
[EventCountry "GER"]
[SourceTitle "EXT 2020"]
[Source "ChessBase"]
[SourceDate "2019.10.17"]
[SourceVersion "1"]
[SourceVersionDate "2019.10.17"]
[SourceQuality "1"]
[WhiteTeam "Oberhausen SV"]
[BlackTeam "Essen Ueberruhr"]
[WhiteTeamCountry "GER"]
[BlackTeamCountry "GER"]

1. e4 c5 2. Nf3 e6 3. d4 cxd4 4. Nxd4 Nc6 5. Nc3 Qc7 6. Be3 a6 7. g4 Bb4 8. Bg2 Ne5 9. 0-0 Nc4 10. Nd5 exd5 11. Nf5 Nxe3 12. Nxg7+ Kf8 13. fxe3 Qe5 14. Nh5 d6 15. exd5 Bc5 16. Kh1 Nh6 17. h3 Bxe3 18. Qf3 Qg5 19. Nf6 Bd4 20. Ne4 Qg6 21. c3 Be5 22. Rae1 Rg8 23. Nc5 Nxg4 24. Ne6+ Bxe6 25. dxe6 Nh6 26. Qxb7 Re8 27. exf7 Nxf7 28. Rxf7+ Qxf7 29. Rf1 Bf6 30. Bd5 Qxb7 31. Rxf6+ Kg7 0-1

[Event "Ruhrgebiet Regionalliga 1011"]
[Site "Nordrheinwestfalen"]
[Date "2010.09.19"]
[Round "1.8"]
[White "Seibert, Michael"]
[Black "Wieder, Heiner"]
[Result "0-1"]
[WhiteElo "1956"]
[BlackElo "2021"]
[PlyCount "94"]
[EventDate "2010.09.19"]
[EventType "team-tourn"]
[EventRounds "9"]
[EventCountry "GER"]
[SourceTitle "EXT 2020"]
[Source "ChessBase"]
[SourceDate "2019.10.17"]
[SourceVersion "1"]
[SourceVersionDate "2019.10.17"]
[SourceQuality "1"]
[WhiteTeam "Oberhausen SV II"]
[BlackTeam "Oberhausen SV"]
[WhiteTeamCountry "GER"]
[BlackTeamCountry "GER"]

1. d4 f5 2. g3 Nf6 3. Bg2 g6 4. Nh3 Bg7 5. c3 e6 6. Nf4 Na6 7. b4 c6 8. Nd2 d6 9. Nc4 Qe7 10. Ba3 Nc7 11. Rb1 Nb5 12. Bb2 Ne4 13. Bxe4 fxe4 14. a4 Nc7 15. h4 b5 16. Nd2 d5 17. Nb3 0-0 18. Nc5 e3 19. f3 e5 20. Nfd3 Bf5 21. g4 Bxd3 22. Qxd3 exd4 23. cxd4 bxa4 24. h5 g5 25. h6 Bh8 26. Bc1 Rae8 27. Ra1 Nb5 28. Bb2 a3 29. Bc3 Rf4 30. Rd1 Qc7 31. 0-0 Bxd4 32. Bxd4 Nxd4 33. Kg2 Nb5 34. Qb3 Qf7 35. Rd3 d4 36. Qc2 Qf6 37. Qc4+ Qf7 38. Qc2 Rd8 39. Ne4 Qd5 40. Rc1 Rxg4+ 41. fxg4 Qxe4+ 42. Kh3 Rd6 43. Qc4+ Kh8 44. Qf7 Rxh6+ 45. Kg3 Qe5+ 46. Kg2 Qh2+ 47. Kf3 Qf2+ 0-1

[Event "Ruhrgebiet VL1 0910"]
[Site "Germany"]
[Date "2010.02.07"]
[Round "6.8"]
[White "Becker, Marco"]
[Black "Wieder, Heiner"]
[Result "0-1"]
[WhiteElo "1974"]
[BlackElo "2129"]
[PlyCount "60"]
[EventDate "2009.09.06"]
[EventType "team-tourn"]
[EventRounds "9"]
[EventCountry "GER"]
[SourceTitle "EXT 2011"]
[Source "ChessBase"]
[SourceDate "2010.11.26"]
[SourceVersion "1"]
[SourceVersionDate "2010.11.26"]
[SourceQuality "1"]
[WhiteTeam "Horst Emscher"]
[BlackTeam "Oberhausen"]
[WhiteTeamCountry "GER"]
[BlackTeamCountry "GER"]

1. e4 c5 2. g3 Nc6 3. Bg2 e6 4. Ne2 Nf6 5. 0-0 Be7 6. d3 0-0 7. h3 Re8 8. f4 d5 9. Nbc3 Rb8 10. g4 d4 11. Nb1 b5 12. Ng3 Bb7 13. Nd2 Qc7 14. Nf3 c4 15. Qe2 Nd7 16. Bd2 Nc5 17. Rac1 Rbc8 18. g5 Red8 19. h4 Ba6 20. Ne1 Na4 21. Rb1 Nxb2 22. Rxb2 c3 23. Rb1 cxd2 24. Qxd2 b4 25. Qf2 Bc5 26. h5 Rf8 27. f5 Ne5 28. Bh3 Nc4 29. dxc4 d3 30. cxd3 Qxg3+ 0-1

[Event "Ruhrgebiet VL1 0910"]
[Site "Germany"]
[Date "2009.11.08"]
[Round "3.7"]
[White "Busche, Klaus"]
[Black "Wieder, Heiner"]
[Result "1/2-1/2"]
[WhiteElo "2071"]
[BlackElo "2129"]
[PlyCount "122"]
[EventDate "2009.09.06"]
[EventType "team-tourn"]
[EventRounds "9"]
[EventCountry "GER"]
[SourceTitle "EXT 2011"]
[Source "ChessBase"]
[SourceDate "2010.11.26"]
[SourceVersion "1"]
[SourceVersionDate "2010.11.26"]
[SourceQuality "1"]
[WhiteTeam "Ahlen"]
[BlackTeam "Oberhausen"]
[WhiteTeamCountry "GER"]
[BlackTeamCountry "GER"]

1. e4 c5 2. c3 d5 3. exd5 Qxd5 4. d4 Nc6 5. Nf3 Bg4 6. Be2 cxd4 7. cxd4 e6 8. 0-0 Nf6 9. Nc3 Qa5 10. Be3 Be7 11. a3 0-0 12. h3 Bh5 13. b4 Qd8 14. Qb3 Re8 15. Rfd1 Nd5 16. Nxd5 exd5 17. Rac1 Bd6 18. Kf1 Ne7 19. g4 Bg6 20. Ne5 Bxe5 21. dxe5 Nc6 22. Bf4 d4 23. Qg3 Qd5 24. Kg1 Rad8 25. Bc4 Qd7 26. Bd3 Bxd3 27. Rxd3 Qd5 28. Rcd1 Rd7 29. Qg2 Qe6 30. Qg3 Rd5 31. Kh2 h6 32. h4 g5 33. hxg5 hxg5 34. Bxg5 Rxe5 35. Bf4 Rd5 36. Kg2 Kg7 37. Rh1 Rh8 38. Rxh8 Kxh8 39. Qh4+ Kg8 40. Qg3 Kf8 41. Qf3 a5 42. bxa5 Nxa5 43. Bg3 Nc6 44. Rd2 Rg5 45. Qd1 Rxg4 46. Re2 Re4 47. Rb2 Qd5 48. Qb3 Qh5 49. Qf3 Qg6 50. Kf1 d3 51. Rd2 Rd4 52. Qe3 Qh5 53. Kg1 Qd5 54. Qh6+ Ke7 55. Qe3+ Re4 56. Rxd3 Rxe3 57. Rxd5 Rxa3 58. Rb5 Ra7 59. Kg2 Nd4 60. Rb6 Ne6 61. Bb8 Ra2 1/2-1/2